000 00321nam a22001337a 4500
008 170527b xxu||||| |||| 00| 0 eng d
020 _a0070572151
041 _aeng
080 _a621
100 _a27
101 _aIM
245 _aMECHANICAL AND ELECTRICAL SYSTEMS FOR CONSTRUCTION
_cSHUTTLEWORTH, R
942 _2udc
_cBK
999 _c14694
_d14694